00920nam a2200241Ia 4500003000900000008004100009040001600050080002200066100002200088245016000110260007500270300000900345490003500354650004100389650001000430650002800440700002900468700002200497700002800519942000700547999001500554952010900569IN-BaIIA211028s9999 xx 000 0 eng d cIIA Library a084.4:523.31bCUM aCumming, C.95897 0aQuantitative atlas of infrared stratospheric transmission in the 2-7 micron regioncC. Cumming…[et al.]  aCanadabCanadian Armament Research and Development Establishmentc1965 a34p. aCarde technical report; 546/65 aAstronomy and Astrophysics Thesaurus aAtlas aSolar Terrestrial95898 aMckinnon, D. J. G.95899 aRollins, J.95900 aStephenson, W. R.95901 cBK c3315d3315 00102ddc4070aBANbKODcGENd1969-10-22l0o084.4:523.31/ CUMp3681r2021-11-05w1969-10-22yBKGFree